日本商業史 : 全
Sparad:
| Huvudupphovsman: | |
|---|---|
| Materialtyp: | Bok |
| Språk: | Undetermined |
| Publicerad: |
東京
金港堂書籍
1898
|
| Ämnen: | |
| Taggar: |
Lägg till en tagg
Inga taggar, Lägg till första taggen!
|
| Thư viện lưu trữ: | Trung tâm Học liệu Trường Đại học Cần Thơ |
|---|
| LEADER | 00499nam a2200181Ia 4500 | ||
|---|---|---|---|
| 001 | CTU_83880 | ||
| 008 | 210402s9999 xx 000 0 und d | ||
| 082 | |a 380.1 | ||
| 082 | |b Y54 | ||
| 100 | |a 横井時冬(よこい えきふゆ) | ||
| 245 | 0 | |a 日本商業史 : 全 | |
| 245 | 0 | |c 横井時冬 | |
| 260 | |a 東京 | ||
| 260 | |b 金港堂書籍 | ||
| 260 | |c 1898 | ||
| 650 | |a Commerce,Commerce in Japan | ||
| 904 | |i Ngoc, QHieu | ||
| 980 | |a Trung tâm Học liệu Trường Đại học Cần Thơ | ||